000 00939nam a22002652a 4500
001 16773
003 BD-RjUL
005 20211209000041.0
008 140215s1935 nyua b 001 0 eng d
035 _a(BD-RjUL)16828
_aOCLC ocm00490533 from D960514M
040 _aDLC
_cWSU
_dSER
_dEQO
_dBD-RjUL
_beng
041 _aeng
082 0 0 _a796
_bMAA 1935
100 1 _aMason, Bernard Sterling,
_d1896-1953.
_951791
245 1 0 _aActive games and contests /
_cby Bernard S. Mason and Elmer D. Mitchell.
260 _aNew York :
_bA.S. Barnes and company, incorporated,
_c1935.
300 _aviii, 600 p. :
_billus., diagrs.
_c24 cm.
500 _a"A companion volume to The theory of play and supplements Social games for recreation."--Pref
504 _aBibliography: p. 583-585 and index.
650 0 _aPlay
_951792
650 0 _aGames
_951793
700 1 _aMitchell, Elmer Dayton,
_d1889-
_951794
942 _2ddc
_cBK
999 _c16773
_d16773